Arabská růže

Bibliographic Details
Main Author: Manáková, Mirka, 1984- (Author)
Other Authors: Hlaváček, Libor (Translator)
Format: Book
Language:Czech
Slovak
PhysicalDescription:271 strán 19 cm
Published: Praha Naše vojsko 2024
ISBN:9788020620361
Series:Naše rodina
Subjects:

MARC

LEADER 00000cam a2200000 4500
001 vtls012267643
003 SK-MaSNL
005 20260301085231.0
008 241128s2024 xr g 000 f cze
015 |a SNBZSA2025/07 
020 |a 9788020620361  |q (viazané) 
040 |a SNK  |b slo  |c SNK  |e rda 
041 1 |a cze  |h slo 
044 |a xr  |c CZ 
072 7 |a 821.162.4-3  |x Slovenská próza  |2 konspekt 
080 |a 821.162.4-31  |2 2011 
080 |a (0:82-312.5)  |2 2011 
100 1 |a Manáková, Mirka,  |d 1984-  |4 aut  |9 56102 
240 1 0 |a Arabská ruža  |l Česky 
245 1 0 |a Arabská růže  |c Mirka Manáková ; ze slovenského originálu Arabská ruža ... přeložil Libor Hlaváček 
264 1 |a Praha  |b Naše vojsko  |c 2024 
300 |a 271 strán  |c 19 cm 
336 |a text  |b txt  |2 rdacontent 
337 |a bez média  |b n  |2 rdamedia 
338 |a zväzok  |b nc  |2 rdacarrier 
490 1 |a Naše rodina 
500 |a Obsahuje biografické údaje o autorke na záložke prebalu publikácie 
655 7 |a slovenské romány  |2 SNKPH  |9 70324 
655 7 |a ľúbostné romány  |2 SNKPH  |9 70497 
655 7 |a Slovak fiction  |2 SNKPHeng  |9 277096 
655 7 |a Love novels  |2 SNKPHeng  |9 277756 
700 1 |a Hlaváček, Libor  |4 trl  |9 212843 
830 0 |a Naše rodina  |9 330865 
852 |a Slovenská národná knižnica 
919 |a 978-80-206-2036-1 
954 |a beletria pôvodná (slovenská)  |2 lita 
958 |a LX 
958 |a ZS 
958 |a UP 
968 |b SLO 
999 |c 665321  |d 667251 
952 |a SNK  |b SNK  |y PREZ  |7 0  |p 17A1566366  |o snkSD 93388  |i snk2025/7589  |8 4  |g 14.19  |0 0  |1 0  |4 0  |d 2024-11-28  |l 0  |r 2026-02-23 19:07:22  |w 2026-02-23